|
|
|
|
| LEADER |
01181nam a22002777a 4500 |
| 001 |
40465 |
| 003 |
BD-DhAAL |
| 008 |
230312t1990 ii ||||| |||| 00| 0 ben d |
| 020 |
|
|
|a 8172930062
|
| 040 |
|
|
|a BD-DhAAL
|c BD-DhAAL
|
| 041 |
|
|
|a ben
|
| 082 |
|
|
|a 352.630954
|
| 100 |
|
|
|a রায়, অন্নদাশঙ্কর
|9 47545
|
| 245 |
|
|
|a যুক্তবঙ্গের স্মৃতি /
|c অন্নদাশঙ্কর রায়.
|
| 246 |
|
|
|a Juktabanger smriti
|
| 246 |
|
|
|a A reminiscence
|
| 260 |
|
|
|a কলকাতা :
|b মিত্র ও ঘোষ পাবলিশার্স,
|c ১৯৯০.
|
| 300 |
|
|
|a ১২৭ পৃষ্ঠা ;
|c ২২ সে.মি.
|
| 541 |
|
|
|a Donated By Akbar Ali Khan
|e 40465
|
| 650 |
|
|
|a Civil service
|z India
|z Bengal.
|9 53843
|
| 651 |
|
|
|a Bengal (India)
|x History.
|
| 651 |
|
|
|a India
|x History
|y Partition, 1947.
|
| 852 |
|
|
|a Ayesha Abed Library
|c Akbar Ali Khan Collection
|
| 942 |
|
|
|2 ddc
|c BK
|
| 999 |
|
|
|c 45586
|d 45586
|
| 952 |
|
|
|0 0
|1 0
|2 ddc
|4 0
|6 352_630954000000000_ROY
|7 1
|9 73366
|a BRACUL
|b BRACUL
|c AAKC
|d 2023-03-12
|e Donated By Akbar Ali Khan
|g 51.00
|l 0
|o 352.630954 ROY
|p 3010040465
|r 2023-03-12
|t 1
|w 2023-03-12
|y BK
|x Rs 40.00
|